Statistics for Lana Del Rey- Young and Beautiful (All Lyrics)

Click here to take the quiz!

General Stats

  • This quiz has been taken 824 times
  • The average score is 264 of 306

Answer Stats

Lyrics% Correct
I
100%
a
99%
And
98%
and
98%
When
98%
when
98%
you
98%
You
98%
young
98%
beautiful
97%
beautiful?
97%
love
97%
me
97%
no
97%
I'm
96%
longer
96%
still
96%
Will
96%
will
96%
my
95%
not
90%
know
89%
nothin'
88%
that
88%
The
88%
the
88%
but
87%
soul
87%
soul?
87%
got
86%
all
85%
All
85%
he
84%
like
82%
to
82%
for
80%
nothing
80%
aching
79%
I've
79%
were
79%
forever
78%
summer
78%
it
76%
let
76%
man
76%
nights
76%
seen
76%
heaven
75%
July
75%
now
75%
days
74%
Dear
74%
Lord
74%
mid-
74%
play
74%
Please
74%
child
73%
Diamonds
73%
diamonds
73%
get
73%
way
73%
with
73%
tell
72%
wild
72%
world
72%
Hot
71%
in
71%
makes
71%
bring
70%
face
70%
party
70%
can
69%
crazy
69%
wanna
68%
body
67%
lights
67%
Had
66%
Your
66%
your
66%
city
65%
done
65%
if
65%
shine
65%
you'd
65%
cake
64%
He's
63%
him
63%
Father
62%
grace
62%
Bel
61%
comes
61%
Air
60%
rock
60%
roll
59%
You'll
59%
at
57%
electric
57%
pretty
56%
brilliant
55%
sun
55%
ways
50%
show
48%
stage
45%
age
44%
as
44%
new
43%
up
41%
angels
40%
lit
36%
Channeling
32%

Score Distribution

Percentile by Number Answered

Percent of People with Each Score

Your Score History

You have not taken this quiz